| 000 | 00608nam a2200241 a 4500 | ||
|---|---|---|---|
| 001 | nice12345678 | ||
| 003 | IN_TiNIC | ||
| 005 | 20260116012319.0 | ||
| 008 | 050524s1988 dela grp 000 0 eng | ||
| 020 |
_a8185135 _c195 |
||
| 082 | 0 | 0 |
_a323.30954 _bSUB |
| 100 | _aSubhash, Manju | ||
| 245 | _aRights of Religious Minorities in India | ||
| 260 |
_aDelhi _bNational Book Organization _c1988 |
||
| 300 | _a297p | ||
| 500 | _aincludes index and biblioraphy | ||
| 505 | 2 | _aIndex | |
| 650 | _aMinorities-India | ||
| 700 | 1 | _aSubhash, Manju | |
| 902 | _bSRS | ||
| 942 | _cBK | ||
| 999 |
_c6515 _d6515 |
||